Most runs in ashes cricket - Statistics

General Stats
  • This quiz has been taken 1,358 times
  • The average score is 6 of 15
Answer Stats
Runs Answer % Correct
2476 Ponting
90%
5028 Bradman
86%
3173 Waugh
68%
3222 Border
59%
2436 Gooch
58%
3037 Gower
45%
2579 Boycott
38%
2852 Hammond
35%
2428 Hutton
35%
2496 Taylor
34%
3636 Hobbs
33%
2741 Sutcliffe
21%
2433 Cowdrey
19%
2644 Edrich
14%
2660 Hill
5%
No matching quizzes found
Score Distribution
Percent of People with Each Score
Percentile by Number Answered
Your Score History
You have not taken this quiz